00383nam a2200157 a 4500008004100000050001500041100001900056245001800075250001100093260004000104300001900144350000900163650001100172650002100183650002100204120416s1965 ||||||||||||||||| || u aQK 641 Esa aEsau, Kethrine10aPlant anatomy a2nd ed aNew YorkbJohn Wiley and Sonsc1965 axx, 767p. ill. a0.00 aPLANTS aPLANT MORPHOLOGY aPLANT PHYSIOLOGY